A festa da Santa Cruz no concelho de Reguengos de Monsaraz (memórias de uma tradição religiosa popular) (Record no. 16477)

MARC details
000 -Etiqueta do registo
Valores 00684nam a2200193 4500
010 ## - Número ISBN
ISBN 9789895663903
021 ## - Número do Depósito Legal
Número 521072/23
100 ## - Dados gerais de processamento
Dados gerais 20240809d2023 m y0pory50030103ba
200 1# - Titulo e menção de responsabilidade
Título próprio A festa da Santa Cruz no concelho de Reguengos de Monsaraz (memórias de uma tradição religiosa popular)
Primeira menção de responsabilidade Lina Santos Mendonça
210 #9 - Publicação
Local de publicação Lisboa
Nome do editor Colibri,
Data de publicação 2023
215 ## - Descrição física 
Paginação / Volumes 147, [2] p.
Outras indicações físicas il.
Dimensões 23 cm
675 ## - CDU
Notação 394.2(469.512)
Edição BN
Língua por
675 ## - CDU
Notação 272-562(469.512)
Edição BN
Língua por
700 #1 - Autor principal (pessoa individual)
Apelido Mendon—ca,
Nome Lina Santos
801 #0 - Fonte de origem
País PT
Agência BN
Regras de catalogação RPC
856 41 - Localização e acesso electrónico 
URL <a href="http://rnod.bnportugal.gov.pt/ImagesBN/winlibimg.aspx?skey=&doc=2176345&img=196974&save=true">http://rnod.bnportugal.gov.pt/ImagesBN/winlibimg.aspx?skey=&doc=2176345&img=196974&save=true</a>
990 ## - Elementos KOHA
Tipo de documento Livro
Holdings
Situação do levantamento Estado Número Biblioteca de origem Código de barras Cota Permissão de empréstimo Tipo de documento Forma de aquisição
    BMA Biblioteca Municipal do Alandroal 18472/25 394.2(469.512) MEN   Livro Oferta

Powered by Koha